Statistics for Faroe Islands Soccer First Division Winners

Click here to take the quiz!

General Stats

  • This quiz has been taken 75 times
  • The average score is 9 of 13

Answer Stats

Answer% Correct
KI Klaksvik
100%
B36 Torshavn
84%
HB Torshavn
79%
Vikingur Gøta
79%
SI Sørvagur
70%
EB/Streymur
67%
NSI Runavik
67%
TB Tvøroyri
67%
IF Fuglafjørður
60%
B68 Toftir
56%
GI Gøta
56%
B71 Sandur
53%
VB Vagur
49%

Score Distribution

Percentile by Number Answered

Percent of People with Each Score

Your Score History

You have not taken this quiz